Statistics for Alphabets on the Wikipedia Logo

Click here to take the quiz!

General Stats

  • This quiz has been taken 15 times
  • The average score is 10 of 18

Answer Stats

Alphabet % Correct
Latin
86%
Greek
86%
Japanese
71%
Hebrew
71%
Chinese
71%
Cyrillic
71%
Korean
57%
Arabic
57%
Armenian
50%
Thai
50%
Bengali
50%
Tibetan
43%
Kannada
43%
Georgian
43%
Tamil
36%
Cambodian
29%
Ethiopic
29%
Devanagari
29%

Score Distribution

Percentile by Number Answered

Percent of People with Each Score

Your Score History

You have not taken this quiz